Die funktionelle Impotenz in der Sicht des kanonischen Eheprozesses
| Main Author: | |
|---|---|
| Format: | Print Article |
| Language: | German |
| Check availability: | HBZ Gateway |
| Interlibrary Loan: | Interlibrary Loan for the Fachinformationsdienste (Specialized Information Services in Germany) |
| Published: |
1964
|
| In: |
Österreichisches Archiv für Kirchenrecht
Year: 1964, Volume: 15, Pages: 297-305 |
| IxTheo Classification: | SB Catholic Church law |
| Further subjects: | B
Impotency
B Marriage process B Impediment to marriage |
MARC
| LEADER | 00000naa a22000002c 4500 | ||
|---|---|---|---|
| 001 | 1650192479 | ||
| 003 | DE-627 | ||
| 005 | 20190311193310.0 | ||
| 007 | tu | ||
| 008 | 190311s1964 xx ||||| 00| ||ger c | ||
| 035 | |a (DE-627)1650192479 | ||
| 035 | |a (DE-576)519054768 | ||
| 035 | |a (DE-599)BSZ519054768 | ||
| 040 | |a DE-627 |b ger |c DE-627 |e rakwb | ||
| 041 | |a ger | ||
| 084 | |a 1 |2 ssgn | ||
| 100 | 1 | |0 (DE-588)121476405 |0 (DE-627)081332564 |0 (DE-576)161349811 |4 aut |a Heggelbacher, Othmar |d 1912-1997 | |
| 109 | |a Heggelbacher, Othmar 1912-1997 |a Heggelbacher, O. 1912-1997 | ||
| 245 | 1 | 4 | |a Die funktionelle Impotenz in der Sicht des kanonischen Eheprozesses |
| 264 | 1 | |c 1964 | |
| 336 | |a Text |b txt |2 rdacontent | ||
| 337 | |a ohne Hilfsmittel zu benutzen |b n |2 rdamedia | ||
| 338 | |a Band |b nc |2 rdacarrier | ||
| 601 | |a Impotenz | ||
| 601 | |a Eheprozess | ||
| 650 | 0 | 7 | |0 (DE-588)4161426-4 |0 (DE-627)105470155 |0 (DE-576)209865709 |a Impotenz |2 gnd |
| 650 | 0 | 7 | |0 (DE-588)4113383-3 |0 (DE-627)105829870 |0 (DE-576)20947601X |a Eheprozess |2 gnd |
| 650 | 0 | 7 | |0 (DE-588)4151105-0 |0 (DE-627)105548286 |0 (DE-576)209785489 |a Ehehindernis |2 gnd |
| 652 | |a SB | ||
| 773 | 0 | 8 | |i In |t Österreichisches Archiv für Kirchenrecht |d Wien : Ges., 1950 |g 15(1964), Seite 297-305 |w (DE-627)129516937 |w (DE-600)211497-5 |w (DE-576)014928132 |x 0029-9820 |7 nnas |
| 773 | 1 | 8 | |g volume:15 |g year:1964 |g pages:297-305 |
| 935 | |a KALD | ||
| 951 | |a AR | ||
| CAN | |a 1 | ||
| ELC | |b 1 | ||
| ITA | |a 1 |t 1 | ||
| LOK | |0 000 xxxxxcx a22 zn 4500 | ||
| LOK | |0 001 3336088631 | ||
| LOK | |0 003 DE-627 | ||
| LOK | |0 004 1650192479 | ||
| LOK | |0 005 20191115125214 | ||
| LOK | |0 008 190311||||||||||||||||ger||||||| | ||
| LOK | |0 035 |a (DE-Tue135-1)89215 | ||
| LOK | |0 040 |a DE-Tue135-1 |c DE-627 |d DE-Tue135-1 | ||
| LOK | |0 852 |a DE-Tue135-1 | ||
| LOK | |0 852 1 |c FTHKR097797/15/HRO |m p |9 00 | ||
| LOK | |0 852 2 |b FTH Z5-570 |9 00 | ||
| LOK | |0 935 |a iZSA | ||
| LOK | |0 936ln |0 1442053313 |a SB | ||
| LOK | |0 938 |k p | ||
| LOK | |0 939 |a 11-03-19 |b l01 | ||
| ORI | |a SA-MARC-ixtheoa001.raw | ||
| STA | 0 | 0 | |a Impediment to marriage,Marriage impediment,Impotency,Marriage process,Marriage process law,Matrimony trial |
| STB | 0 | 0 | |a Empêchement au mariage,Impuissance,Procès matrimonial |
| STC | 0 | 0 | |a Impedimento matrimonial,Impotencia,Proceso matrimonial |
| STD | 0 | 0 | |a Causa matrimoniale,Impedimento matrimoniale,Impotenza sessuale |
| STE | 0 | 0 | |a 婚姻诉讼,婚姻阻碍,结婚阻碍,结婚障碍,性无能,阳痿 |
| STF | 0 | 0 | |a 婚姻訴訟,婚姻阻礙,結婚阻礙,結婚障礙,性無能,陽痿 |
| STG | 0 | 0 | |a Impedimento matrimonial,Impotência,Processo matrimonial |
| STH | 0 | 0 | |a Брачный процесс,Импотенция,Препятствие вступлению в брак |
| STI | 0 | 0 | |a Διαδικασία γάμου,Κώλυμα γάμου,Σεξουαλική ανικανότητα |
| SUB | |a CAN | ||
| SYE | 0 | 0 | |a Sexuelle Impotenz,Sexuelles Unvermögen,Zeugungsunfähigkeit,Impotentia generandi , Eheprozessrecht,Eheverfahren |